| 000 | 00518cam a2200205ua 4500 | ||
|---|---|---|---|
| 020 |
_a0-7069-2110-0 _c25.00 |
||
| 041 |
_aeng _h |
||
| 082 |
_a621.8152 _bAGA/MA |
||
| 100 | _aAgarwal, D.D . | ||
| 245 |
_aMachine drawing / _cD.D Agarwal. _hTextual Documents |
||
| 250 |
_a3 / _b. |
||
| 260 |
_aNew Delhi : _bVikas publishing house pvt ltd , _c1982. |
||
| 300 | _a140 ; . | ||
| 365 | _a25.00 | ||
| 504 | _a | ||
| 700 | 1 | _aBhavsar, V.C . | |
| 700 | 1 | _aMittal, N.K . | |
| 942 | _cBK | ||
| 999 |
_c7636 _d7636 |
||